Synonyms - Statistics

General Stats
  • This quiz has been taken 9 times
  • The average score is 3 of 7
Answer Stats
Word Synonyms % Correct
Cavern Cave
100%
Times (Math) Multiplication
63%
Algebraic Math
38%
Fundamentals Alphabet
13%
Textbook Cookbook
13%
Ornament Gemstone
13%
Calculation Geometry
13%
No matching quizzes found
Score Distribution
Percent of People with Each Score
Percentile by Number Answered
Your Score History
You have not taken this quiz